000 01011cab a22002055a 4500
001 L153583
008 110808e20110722xxk 000 0 eng d
035 _a(Sirsi) u153583
041 0 _aeng
100 1 _aHopkinson, Matthew
245 0 0 _aFirst half of 2011 brings multiple wounds for high street
260 _c2011
490 0 _aProperty Week
_v77(29) 22 July 2011, 38-39(2)
520 _aLocal Data Company's review of the retail property market place in the first half of 2011 contrasts a significant reduction of new stores announced by multiples with an improvement in the number of independent shops being opened. Significant extremes in shop vacancy remain but second quarter data shows increased stability in more centres. Tables cover the aggregate results of the review.
590 _aKA
651 4 _aUnited Kingdom
_y
690 _aPROPERTY-COMMERCIAL PROPERTY-COMMERCIAL PROPERTY MARKET
690 _aPROPERTY-COMMERCIAL PROPERTY-COMMERCIAL PROPERTY FINANCE AND INVESTMENT
942 _n0
999 _c83323
_d83323